<?xml version="1.0" encoding="UTF-8"?>
<record
    xmlns:xsi="http://www.w3.org/2001/XMLSchema-instance"
    xsi:schemaLocation="http://www.loc.gov/MARC21/slim http://www.loc.gov/standards/marcxml/schema/MARC21slim.xsd"
    xmlns="http://www.loc.gov/MARC21/slim">

  <leader>01174nam a2200301 i 4500</leader>
  <controlfield tag="001">bg</controlfield>
  <datafield tag="111" ind1="2" ind2=" ">
    <subfield code="a">Powszechny Zjazd Historyk&#xF3;w Polskich</subfield>
    <subfield code="n">(15 ;</subfield>
    <subfield code="d">1994 ;</subfield>
    <subfield code="c">Gda&#x144;sk).</subfield>
  </datafield>
  <datafield tag="245" ind1="0" ind2="0">
    <subfield code="a">Pami&#x119;tnik XV Powszechnego Zjazdu Historyk&#xF3;w Polskich.</subfield>
    <subfield code="n">T. 2,</subfield>
    <subfield code="p">Przemiany spo&#x142;eczne a model rodziny : materia&#x142;y sympozjum VI /</subfield>
    <subfield code="c">pod red. Anny &#x17B;arnowskiej ; Polskie Towarzystwo Historyczne.</subfield>
  </datafield>
  <datafield tag="246" ind1="3" ind2="0">
    <subfield code="a">Przemiany spo&#x142;eczne a model rodziny</subfield>
  </datafield>
  <datafield tag="260" ind1=" " ind2=" ">
    <subfield code="a">Gda&#x144;sk ;</subfield>
    <subfield code="a">Toru&#x144; :</subfield>
    <subfield code="b">Wydawnictwo Adam Marsza&#x142;ek,</subfield>
    <subfield code="c">1995.</subfield>
  </datafield>
  <datafield tag="300" ind1=" " ind2=" ">
    <subfield code="a">111 s. :</subfield>
    <subfield code="b">tabl. ;</subfield>
    <subfield code="c">24 cm.</subfield>
  </datafield>
  <datafield tag="611" ind1="0" ind2="0">
    <subfield code="a">Powszechny Zjazd Historyk&#xF3;w Polskich</subfield>
    <subfield code="n">(15 ;</subfield>
    <subfield code="d">1994 ;</subfield>
    <subfield code="c">Gda&#x144;sk).</subfield>
  </datafield>
  <datafield tag="650" ind1=" " ind2="4">
    <subfield code="a">Ch&#x142;opi</subfield>
    <subfield code="x">sytuacja spo&#x142;eczna</subfield>
    <subfield code="z">Polska</subfield>
    <subfield code="y">18-20 w.</subfield>
  </datafield>
  <datafield tag="650" ind1=" " ind2="4">
    <subfield code="a">Kobiety</subfield>
    <subfield code="x">sytuacja spo&#x142;eczna</subfield>
    <subfield code="x">historia</subfield>
    <subfield code="z">Polska</subfield>
  </datafield>
  <datafield tag="650" ind1=" " ind2="4">
    <subfield code="a">Rodzina</subfield>
    <subfield code="x">Sytuacja spo&#x142;eczna</subfield>
    <subfield code="x">historia</subfield>
    <subfield code="z">Polska</subfield>
  </datafield>
  <datafield tag="655" ind1=" " ind2="4">
    <subfield code="a">Materia&#x142;y konferencyjne</subfield>
  </datafield>
  <datafield tag="700" ind1="1" ind2=" ">
    <subfield code="a">&#x17B;arnowska, Anna</subfield>
    <subfield code="d">(1931-2007).</subfield>
    <subfield code="e">Red.</subfield>
  </datafield>
  <datafield tag="710" ind1="2" ind2=" ">
    <subfield code="a">Polskie Towarzystwo Historyczne.</subfield>
  </datafield>
  <datafield tag="020" ind1=" " ind2=" ">
    <subfield code="a">8386803010</subfield>
  </datafield>
  <datafield tag="040" ind1=" " ind2=" ">
    <subfield code="c">BPK</subfield>
  </datafield>
  <datafield tag="041" ind1="0" ind2=" ">
    <subfield code="a">pol</subfield>
  </datafield>
  <datafield tag="044" ind1=" " ind2=" ">
    <subfield code="a">POL</subfield>
  </datafield>
  <datafield tag="080" ind1=" " ind2=" ">
    <subfield code="a">316.66</subfield>
  </datafield>
  <datafield tag="080" ind1=" " ind2=" ">
    <subfield code="a">316.728</subfield>
  </datafield>
  <datafield tag="920" ind1=" " ind2=" ">
    <subfield code="a">83-86803-01-0</subfield>
  </datafield>
  <datafield tag="942" ind1=" " ind2=" ">
    <subfield code="c">KS</subfield>
  </datafield>
  <controlfield tag="008">130116s        pl a   f     |000 0 pol  </controlfield>
  <datafield tag="999" ind1=" " ind2=" ">
    <subfield code="c">53810</subfield>
    <subfield code="d">53810</subfield>
  </datafield>
  <datafield tag="856" ind1=" " ind2=" ">
    <subfield code="u">http://koha.tu.koszalin.pl/cgi-bin/koha/opac-detail.pl?biblionumber=53810</subfield>
    <subfield code="y">Katalog online BPK</subfield>
  </datafield>
  <datafield tag="952" ind1=" " ind2=" ">
    <subfield code="0">0</subfield>
    <subfield code="1">0</subfield>
    <subfield code="4">0</subfield>
    <subfield code="7">1</subfield>
    <subfield code="8">POLBOG</subfield>
    <subfield code="a">BPK</subfield>
    <subfield code="b">BPK</subfield>
    <subfield code="c">mh</subfield>
    <subfield code="o">S 1509</subfield>
    <subfield code="p">02508535</subfield>
    <subfield code="y">KS</subfield>
  </datafield>
</record>
